000 00692nam a22002177a 4500
003 UA-OsUOA
001 110586
007 ta
008 20150324b un ||||| |||| 00| 0 ukr d
100 _aКовальова О.
090 _a82
_bК56
942 _cSA
040 _aUA-OsUOA
_bukr
_cUA-OsUOA
_dUA-OsUOA
245 _aІнтерактивні технології на уроках української мови та літератури
300 _aС.30-33
955 _a0
041 _aukr
080 _a82
773 0 _w110584
_tУкраїнська мова та література
_dК.
_d2015
_g5
650 7 _a82 Література. Літературознавство
_2UDC
999 _c396736
_d396736